Szegedi együttesek kitüntetése

Elmentve itt :
Bibliográfiai részletek
Dokumentumtípus: Cikk
Megjelent: 1976-05-08
Sorozat:Délmagyarország 66 No. 108
Kulcsszavak:Tanárképző Főiskola, táncművészet, zeneélet 1962-1979
Online Access:http://dmarchiv.bibl.u-szeged.hu/118218
LEADER 00451nab a2200145 i 4500
001 delm118218
005 20190506105038.0
008 190506s1976 hu o 0|| hun d
040 |a SZTE Délmagyarország Archívum  |b hun 
041 |a hun 
245 0 0 |a Szegedi együttesek kitüntetése  |h [elektronikus dokumentum] 
260 |c 1976-05-08 
300 |a 5 
490 0 |a Délmagyarország  |v 66 No. 108 
695 |a Tanárképző Főiskola, táncművészet, zeneélet 1962-1979